00322nam a2200121 a 4500008004100000050001400041100002000055245005600075260002600131300001300157350000900170700002100179120416s1978 ||||||||||||||||| || u aHM 24 Bee aBeehler, Rodger14aThe Philosophy of societycedited by Rodger Beehler aLondonbMethuenc1978 ax, 437p. a0.00 aDrengson, Alan R